|
|
|
|
| LEADER |
00000cam a2200000 7i4500 |
| 001 |
0000001910 |
| 005 |
20040427.0 |
| 090 |
0 |
0 |
|a JPSM633.83095951
|b MOH 1995
|
| 100 |
0 |
0 |
|a MOHD Shahwahid Hj Othman
|
| 245 |
1 |
4 |
|a The economics of the medang teja industry in Peninsular Malaysia
|c Mohd Shahwahid Hj. Othman and Saroni Judi
|
| 260 |
0 |
0 |
|a Kuala Lumpur :
|b Forestry Department of Peninsular Malaysia ,
|c 1995
|
| 300 |
|
|
|a xiv, 152 p. :
|b ill. ;
|c 30 cm.
|
| 650 |
0 |
0 |
|a Cinnamon tree
|x Economic aspects
|z Peninsular Malaysia
|
| 700 |
0 |
1 |
|a Saroni Judi
|
| 998 |
|
|
|a JPSM
|
| 999 |
|
|
|a 0000002512
|b Monograph
|c Open Shelf
|e Default branch
|